Pokémon - Les attaques de Créhelf - Statistiques

Statistiques générales
  • Ce quiz a été pris 15 fois
  • Le résultat moyen est 9 sur 14
Statistiques - réponses
Niveaux Types Noms des attaques % Correct
Départ Psy Choc Mental
100%
Niveau 63 Psy Prescience
100%
Niveau 49 Psy Psyko
100%
Niveau 21 Psy Rafale Psy
100%
Niveau 42 Psy Amnésie
75%
Niveau 56 Normal Bâillement
75%
Niveau 35 Psy Extrasenseur
75%
Niveau 84 Psy Force Mystique
75%
Niveau 28 Psy Possessif
63%
Départ Psy Repos
63%
Niveau 7 Normal Météores
50%
Niveau 77 Ténèbres Souvenir
38%
Niveau 14 Normal Ténacité
25%
Niveau 70 Normal Gigotage
0%
Aucun quiz correspondant
Distribution des résultats
% des personnes avec chaque résultat
Percentile par nombre de réponses
Votre historique - résultats
Vous n’avez pas pris ce quiz